000 00457nam a2200181Ia 4500
001 8140
005 20260306160547.0
008 260306t2004||||xx |||||||||||||| ||spa||
041 _aESP
082 _a370.114
_bL87
100 _aLópez -Calva, Martín
_eAUT
245 0 _aEducar la libertad:
_bmas allá de la educación en valores
260 _c2004
300 _a136 páginas :
_c23 cm.
650 _aGEN
654 _aCED
942 _cLIB
_dJUS
_fJUS
_2ddc
_n
999 _c8140
_d8140